[Event "20th European Teams Women"]
[Site "Reykjavik ISL"]
[Date "2015.11.15"]
[Round "3.15"]
[Board "1"]
[White "Ptacnikova, Lenka"]
[Black "Goossens, Hanne"]
[Result "1-0"]
[WhiteTitle "WGM"]
[BlackTitle "WFM"]
[WhiteElo "2189"]
[BlackElo "2184"]
[WhiteTeam "Iceland"]
[BlackTeam "Belgium"]
[WhiteFideId "305650"]
[BlackFideId "200468"]
[EventDate "2015.11.13"]

1. Nf3 f5 2. g3 Nf6 3. Bg2 d6 4. c4 g6 5. Nc3 Bg7 6. d4 O-O 7. O-O Nc6 8. d5 Ne5
9. Nxe5 dxe5 10. e4 f4 11. Rb1 g5 12. Re1 Qe8 13. gxf4 gxf4 14. Bf3 Kh8 15. Kh1
Bh3 16. Rg1 Bh6 17. Bd2 Qd7 18. Qe2 Rg8 19. Rxg8+ Rxg8 20. Rg1 Rxg1+ 21. Kxg1
Qe8 22. Kh1 Qg6 23. Nd1 Qg5 24. Bc3 Nd7 25. b4 Nf8 26. Qe1 Ng6 27. Qg1 Qf6 28.
Bg4 Qh4 29. f3 Bxg4 30. Qxg4 Qxg4 31. fxg4 Bg5 32. Kg2 Kg7 33. Nb2 Kf6 34. Nd3
b6 35. a4 e6 36. c5 Bh6 37. a5 Bf8 38. d6 bxa5 39. dxc7 Ne7 40. b5 Nc8 41. Bxa5
Ke7 42. b6 axb6 43. cxb6 Nxb6 44. Bxb6 Kd7 45. Nxe5+ Kc8 46. Nc6 1-0

[Event "20th European Teams Women"]
[Site "Reykjavik ISL"]
[Date "2015.11.15"]
[Round "3.15"]
[Board "3"]
[White "Thorsteinsdottir, Gudlaug"]
[Black "Barbier, Wiebke"]
[Result "1-0"]
[WhiteTitle "WFM"]
[WhiteElo "2005"]
[BlackElo "1980"]
[WhiteTeam "Iceland"]
[BlackTeam "Belgium"]
[WhiteFideId "2300753"]
[BlackFideId "207977"]
[EventDate "2015.11.13"]

1. e4 d6 2. Nc3 Nf6 3. f4 e5 4. Nf3 Nbd7 5. d4 exd4 6. Qxd4 Nc5 7. Be3 Be7 8.
O-O-O O-O 9. h3 Nfd7 10. Nd5 Re8 11. g4 Bf8 12. e5 c6 13. Nc3 dxe5 14. fxe5 Qc7
15. Bc4 b5 16. Bb3 Nxb3+ 17. axb3 Nxe5 18. Qf4 Bd6 19. Rxd6 Qxd6 20. Ne4 Qc7 21.
Rd1 f6 22. g5 fxg5 23. Nexg5 h6 24. Ne4 Qe7 25. Rg1 Kh8 26. Nh4 Rf8 27. Qxe5
Qxh4 28. Qxg7# 1-0

[Event "20th European Teams Women"]
[Site "Reykjavik ISL"]
[Date "2015.11.15"]
[Round "3.15"]
[Board "4"]
[White "Barbier, Astrid"]
[Black "Magnusdottir, Veronika Steinunn"]
[Result "1-0"]
[WhiteElo "1819"]
[BlackElo "1753"]
[WhiteTeam "Belgium"]
[BlackTeam "Iceland"]
[WhiteFideId "200395"]
[BlackFideId "2309114"]
[EventDate "2015.11.13"]

1. e4 c5 2. Nc3 a6 3. g3 b5 4. Bg2 Bb7 5. d3 e6 6. Nf3 d5 7. exd5 exd5 8. d4 c4
9. O-O Be7 10. Re1 Nf6 11. Nh4 O-O 12. Nf5 Bb4 13. a3 Ba5 14. Bg5 Nc6 15. Ne3
Bb6 16. Ncxd5 Bxd4 17. c3 Bxe3 18. Rxe3 Na5 19. Nxf6+ gxf6 20. Qxd8 Raxd8 21.
Bxf6 Rd2 22. Re5 h6 23. Bxb7 Nxb7 24. a4 Rxb2 25. axb5 axb5 26. Ra7 Nd8 27. Rh5
Kh7 28. Bxd8 Rxd8 29. Rxf7+ Kg6 30. Rhf5 Rd1+ 31. Kg2 Rd3 32. h4 h5 33. R5f6# 1-0

[Event "20th European Teams Women"]
[Site "Reykjavik ISL"]
[Date "2015.11.16"]
[Round "4.1"]
[Board "4"]
[White "Goryachkina, Aleksandra"]
[Black "Arabidze, Meri"]
[Result "1-0"]
[WhiteTitle "WGM"]
[BlackTitle "IM"]
[WhiteElo "2478"]
[BlackElo "2408"]
[WhiteTeam "Russia"]
[BlackTeam "Georgia"]
[WhiteFideId "4147103"]
[BlackFideId "13604040"]
[EventDate "2015.11.13"]

1. d4 d5 2. c4 e6 3. Nf3 Nf6 4. Nc3 Be7 5. Bf4 O-O 6. e3 b6 7. Be2 Bb7 8. O-O c5
9. Rc1 Nbd7 10. Bg3 Nh5 11. cxd5 Nxg3 12. hxg3 exd5 13. dxc5 Nxc5 14. Nd4 Bf6
15. Re1 g6 16. Bb5 Rc8 17. b4 Ne4 18. Nce2 Rxc1 19. Qxc1 Qd6 20. Bc6 Bxc6 21.
Nxc6 a5 22. b5 h5 23. Rd1 h4 24. gxh4 Bxh4 25. g3 Qf6 26. Nf4 Bg5 27. Nd4 Bxf4
28. exf4 Nc5 29. Qe3 Ne4 30. Kg2 Kg7 31. Rc1 Nc5 32. Nc6 Rh8 33. Rd1 Rh5 34. Qd4
Qxd4 35. Nxd4 Kf6 36. g4 Rh4 37. f3 Rh8 38. g5+ Ke7 39. Nc6+ Ke6 40. Re1+ Kd6
41. Ne5 Rf8 42. Rd1 Ne6 43. Kg3 d4 44. Rc1 Nc5 45. Nc4+ Kc7 46. Nxa5 Ra8 47. Nb3
Rxa2 48. Nxd4 Rd2 49. Nc6 Nd3 50. Rc4 Nb2 51. Re4 Nd1 52. Ne5 Nf2 53. Rc4+ Kd6
54. Rc1 Ke6 55. Re1 Kd5 56. Nxf7 Nd3 57. Re8 Rb2 58. Rd8+ Kc4 59. Nh8 Ne1 60.
Nxg6 Rg2+ 61. Kh3 Rg1 62. Ne5+ Kxb5 63. g6 Nxf3 64. Nxf3 Rxg6 65. f5 1-0

[Event "20th European Teams Women"]
[Site "Reykjavik ISL"]
[Date "2015.11.16"]
[Round "4.2"]
[Board "2"]
[White "Madl, Ildiko"]
[Black "Skripchenko, Almira"]
[Result "0-1"]
[WhiteTitle "IM"]
[BlackTitle "IM"]
[WhiteElo "2343"]
[BlackElo "2443"]
[WhiteTeam "Hungary"]
[BlackTeam "France"]
[WhiteFideId "700550"]
[BlackFideId "13900145"]
[EventDate "2015.11.13"]

1. e4 d6 2. d4 Nf6 3. Nc3 e5 4. Nf3 Nbd7 5. Bc4 Be7 6. O-O O-O 7. a4 a6 8. h3 b6
9. Qe2 Bb7 10. d5 Kh8 11. Bd2 Ng8 12. Kh1 g6 13. Nh2 Bg5 14. Rae1 h6 15. Be3 Qe7
16. Qd2 Rae8 17. b4 Kg7 18. Nd1 Ngf6 19. Qd3 Ra8 20. a5 Bxe3 21. Qxe3 bxa5 22.
bxa5 c6 23. dxc6 Bxc6 24. Nc3 Nc5 25. Bd5 Bxd5 26. exd5 Qc7 27. f4 Ncd7 28. fxe5
dxe5 29. Qf3 Rac8 30. Re3 Qxa5 31. Rd1 Rc4 32. d6 Rfc8 33. Rdd3 Rf4 34. Qe2 Rfc4
35. Qf3 Qa1+ 36. Rd1 Qb2 37. Nd5 e4 38. Qf4 Nxd5 39. Rxd5 Qa1+ 40. Nf1 Rxc2 41.
Kh2 Qa2 0-1

[Event "20th European Teams Women"]
[Site "Reykjavik ISL"]
[Date "2015.11.16"]
[Round "4.2"]
[Board "3"]
[White "Guichard, Pauline"]
[Black "Rudolf, Anna"]
[Result "1-0"]
[WhiteTitle "WGM"]
[BlackTitle "IM"]
[WhiteElo "2338"]
[BlackElo "2341"]
[WhiteTeam "France"]
[BlackTeam "Hungary"]
[WhiteFideId "639370"]
[BlackFideId "722855"]
[EventDate "2015.11.13"]

1. Nf3 d5 2. c4 e6 3. g3 Nf6 4. Bg2 Be7 5. O-O O-O 6. d4 dxc4 7. Qc2 a6 8. a4
Bd7 9. Qxc4 Bc6 10. Bg5 h6 11. Bxf6 Bxf6 12. Nc3 Bxf3 13. Bxf3 c6 14. Rad1 a5
15. e4 Nd7 16. e5 Be7 17. Be4 Nb6 18. Qe2 Nd5 19. Bc2 Qd7 20. Qd3 f5 21. exf6
Nxf6 22. Ne4 Rad8 23. Rfe1 Bb4 24. Nxf6+ Rxf6 25. Qh7+ Kf8 26. Re2 Qf7 27. h4 c5
28. d5 exd5 29. Qh8+ Qg8 30. Rxd5 Rc8 31. Qxg8+ Kxg8 32. Bf5 Rcf8 33. Bd3 c4 34.
Bxc4 Kh7 35. Kg2 Rd6 36. Rde5 b6 37. h5 Bc5 38. Be6 Bd4 39. R5e4 Rf6 40. Bc4 Rf8
41. f4 Bc5 42. Bb3 Rfd8 43. Kh3 Rd2 44. Rxd2 Rxd2 45. Bf7 Rd8 46. Kg4 Rf8 47.
Bg6+ Kg8 48. Re6 Rd8 49. b3 Rf8 50. Kf3 Rf6 51. Re8+ Rf8 52. Re2 Rf6 53. Re4 Rf8
54. Ke2 Rd8 55. Re6 Rf8 56. Kd3 Rd8+ 57. Ke4 Rd4+ 58. Kf3 Rb4 59. Re8+ Bf8 60.
Re3 Bc5 61. Re8+ Bf8 62. Bc2 Kf7 63. Bg6+ Kg8 64. Rb8 Rxb3+ 65. Kg4 Rc3 66. Rxb6
Rc8 67. Ra6 Bb4 68. Ra7 Rf8 69. Bd3 Rd8 70. Bc4+ Kh7 71. Bf7 Be1 72. Kf5 Rc8 73.
g4 Bd2 74. Rd7 Be3 75. Ke4 Bc1 76. Rd1 Kh8 77. Be6 Re8 78. Rxc1 Rxe6+ 79. Kd5
Rb6 80. Rc6 Rb4 81. Rc4 Rb2 82. Ke6 Rb4 83. Rc8+ Kh7 84. g5 hxg5 85. fxg5 g6 86.
Rc7+ Kg8 87. h6 Rb6+ 88. Ke5 Ra6 89. Re7 Rc6 90. Re6 Rc5+ 91. Kf6 Kh7 92. Re7+ 1-0

[Event "20th European Teams Women"]
[Site "Reykjavik ISL"]
[Date "2015.11.16"]
[Round "4.3"]
[Board "1"]
[White "Paehtz, Elisabeth"]
[Black "L'Ami, Alina"]
[Result "1-0"]
[WhiteTitle "IM"]
[BlackTitle "IM"]
[WhiteElo "2462"]
[BlackElo "2364"]
[WhiteTeam "Germany"]
[BlackTeam "Romania"]
[WhiteFideId "4641833"]
[BlackFideId "1210246"]
[EventDate "2015.11.13"]

1. d4 Nf6 2. c4 g6 3. Nf3 Bg7 4. g3 O-O 5. Bg2 d6 6. O-O Nbd7 7. Nc3 e5 8. h3 c6
9. Qc2 Re8 10. Rd1 e4 11. Nh2 Qe7 12. Nf1 Nb6 13. Bg5 d5 14. cxd5 cxd5 15. a4
Be6 16. a5 Nbd7 17. Qb3 h6 18. Bd2 Nf8 19. Ne3 Qd7 20. Kh2 h5 21. Na4 b6 22.
axb6 axb6 23. Nc3 h4 24. g4 Bh6 25. Rxa8 Bf4+ 26. Kg1 Rxa8 27. Qb5 Qxb5 28. Nxb5
Ra2 29. Rb1 Ra4 30. Bc1 g5 31. Nc2 Bxc1 32. Rxc1 Bd7 33. Nc3 Rc4 34. e3 Rc8 35.
Ra1 Be6 36. Ra6 N8d7 37. Bf1 Kf8 38. Nb4 Ke7 39. Ra7 Kd6 40. Ba6 Re8 41. Nb5+
Ke7 42. Nc6+ Kf8 43. Nc7 Kg7 44. Nxe8+ Nxe8 45. Bc8 Nef6 46. Nd8 1-0

[Event "20th European Teams Women"]
[Site "Reykjavik ISL"]
[Date "2015.11.16"]
[Round "4.3"]
[Board "2"]
[White "Bulmaga, Irina"]
[Black "Schleining, Zoya"]
[Result "1-0"]
[WhiteTitle "IM"]
[BlackTitle "WGM"]
[WhiteElo "2391"]
[BlackElo "2354"]
[WhiteTeam "Romania"]
[BlackTeam "Germany"]
[WhiteFideId "13903063"]
[BlackFideId "4671660"]
[EventDate "2015.11.13"]

1. e4 e5 2. Bc4 Nf6 3. d3 c6 4. Nf3 d5 5. Bb3 Bb4+ 6. Bd2 Bxd2+ 7. Qxd2 Nbd7 8.
exd5 Nxd5 9. Nc3 Nxc3 10. Qxc3 O-O 11. O-O a5 12. a4 Qe7 13. Rfe1 Re8 14. Re4
Qc5 15. Qe1 Nf8 16. d4 Qb6 17. Nxe5 Be6 18. Nd3 Qd8 19. Nc5 Bxb3 20. Rxe8 Qxe8
21. Qxe8 Rxe8 22. Nxb3 b6 23. Kf1 Ne6 24. Re1 Kf8 25. c3 f6 26. Nd2 Ke7 27. Nc4
Rb8 28. f4 g6 29. Kf2 Kd7 30. Kf3 h5 31. Nd2 Ng7 32. h3 h4 33. Kg4 Nf5 34. Nc4
b5 35. axb5 Rxb5 36. Re2 a4 37. Re1 Nd6 38. Nxd6 Kxd6 39. Re2 g5 40. c4 Rb4 41.
fxg5 fxg5 42. Rc2 Rb3 43. Kxg5 Rd3 44. Kxh4 Rxd4+ 45. Kg5 Kc5 46. h4 Kb4 47. h5
Kb3 48. Rf2 Rxc4 49. h6 Rc1 50. h7 1-0

[Event "20th European Teams Women"]
[Site "Reykjavik ISL"]
[Date "2015.11.16"]
[Round "4.3"]
[Board "3"]
[White "Ohme, Melanie"]
[Black "Cosma, Elena-Luminita"]
[Result "1/2-1/2"]
[WhiteTitle "WGM"]
[BlackTitle "WGM"]
[WhiteElo "2301"]
[BlackElo "2303"]
[WhiteTeam "Germany"]
[BlackTeam "Romania"]
[WhiteFideId "4690745"]
[BlackFideId "1201590"]
[EventDate "2015.11.13"]

1. e4 e6 2. d4 d5 3. Nd2 c5 4. exd5 exd5 5. Ngf3 Nf6 6. Bb5+ Bd7 7. Bxd7+ Nbxd7
8. O-O Be7 9. dxc5 Nxc5 10. Nd4 Qd7 11. Re1 O-O 12. Nf1 Rfe8 13. f3 Rac8 14. Be3
Bd8 15. Qd2 Ne6 16. c3 Bb6 17. Rad1 Nxd4 18. Bxd4 Qb5 19. Bxb6 Qxb6+ 20. Qf2 Qa6
21. a3 Re6 22. Rxe6 fxe6 23. Re1 Re8 24. Ne3 Qb5 25. Nd1 b6 26. Qd4 h6 27. Kf2
Qb3 28. Qd2 Qb5 29. Qd4 Qb3 30. Qd2 Qb5 31. Re2 Qc5+ 32. Qd4 Qc7 33. Kg1 e5 34.
Qf2 Qc5 35. Qxc5 bxc5 36. b4 cxb4 37. cxb4 Rc8 38. Kf2 e4 39. Rd2 Rc1 40. Ne3
exf3 41. gxf3 Rc3 42. a4 Rb3 43. Rd4 Rb2+ 44. Kg3 Rb3 45. Nf5 Kf7 46. Kf4 g5+
47. Ke5 Rxf3 48. Nxh6+ Kg6 49. Ng4 Rf5+ 50. Ke6 Nxg4 51. Rxg4 Rf4 52. Rg2 Rxb4
53. a5 Ra4 54. Ke5 d4 55. h4 Rxa5+ 56. Ke4 d3 57. hxg5 Rxg5 1/2-1/2

[Event "20th European Teams Women"]
[Site "Reykjavik ISL"]
[Date "2015.11.16"]
[Round "4.3"]
[Board "4"]
[White "Sandu, Mihaela"]
[Black "Heinemann, Josefine"]
[Result "1-0"]
[WhiteTitle "WGM"]
[WhiteElo "2207"]
[BlackElo "2224"]
[WhiteTeam "Romania"]
[BlackTeam "Germany"]
[WhiteFideId "1204327"]
[BlackFideId "12900460"]
[EventDate "2015.11.13"]

1. e4 c5 2. Nf3 e6 3. d4 cxd4 4. Nxd4 Nc6 5. Nc3 Qc7 6. f4 a6 7. Nxc6 bxc6 8.
Qe2 Bb7 9. e5 d6 10. g3 c5 11. Bg2 Bxg2 12. Qxg2 d5 13. O-O Ne7 14. f5 g6 15.
fxe6 fxe6 16. Bg5 Bg7 17. Rae1 Nf5 18. Nxd5 exd5 19. Qxd5 Rc8 20. Qe6+ Kf8 21.
Rxf5+ gxf5 22. Rf1 Bxe5 1-0

[Event "20th European Teams Women"]
[Site "Reykjavik ISL"]
[Date "2015.11.16"]
[Round "4.4"]
[Board "2"]
[White "Muzychuk, Anna"]
[Black "Sedina, Elena"]
[Result "1-0"]
[WhiteTitle "GM"]
[BlackTitle "IM"]
[WhiteElo "2534"]
[BlackElo "2305"]
[WhiteTeam "Ukraine"]
[BlackTeam "Italy"]
[WhiteFideId "14111330"]
[BlackFideId "812153"]
[EventDate "2015.11.13"]

1. e4 e6 2. d4 d5 3. Nc3 Nf6 4. Bg5 dxe4 5. Nxe4 Nbd7 6. Nf3 h6 7. Bxf6 Nxf6 8.
Bd3 c5 9. Nxf6+ gxf6 10. Qe2 Bd7 11. d5 Qa5+ 12. c3 O-O-O 13. dxe6 fxe6 14. Bc4
e5 15. O-O-O h5 16. Qe4 Qa4 17. Kb1 Be7 18. b3 Qa5 19. Rxd7 Rxd7 20. Be6 Rd8 21.
Rd1 Qb6 22. Qf5 Qc6 23. Kc2 Kc7 24. Rxd7+ Rxd7 25. Bxd7 Qxd7 26. Qxh5 c4 27. Qh7
cxb3+ 28. axb3 Bc5 29. Qg6 Qc6 30. Nd2 Bxf2 31. Ne4 Be1 32. Qf7+ Kc8 33. Qf8+
Kc7 34. Qe7+ Kb6 35. Qd8+ Ka6 36. Qxf6 Qxf6 37. Nxf6 Kb5 38. g3 Bf2 39. Ng4 Bg1
40. h4 e4 41. h5 Bc5 42. Nf6 e3 43. Kd3 Kc6 44. g4 a5 45. c4 b5 46. cxb5+ Kxb5
47. g5 Kb4 48. h6 Bf8 49. Nd7 1-0

[Event "20th European Teams Women"]
[Site "Reykjavik ISL"]
[Date "2015.11.16"]
[Round "4.5"]
[Board "1"]
[White "Reizniece-Ozola, Dana"]
[Black "Socko, Monika"]
[Result "1/2-1/2"]
[WhiteTitle "WGM"]
[BlackTitle "GM"]
[WhiteElo "2209"]
[BlackElo "2445"]
[WhiteTeam "Latvia"]
[BlackTeam "Poland"]
[WhiteFideId "11601124"]
[BlackFideId "1106619"]
[EventDate "2015.11.13"]

1. c4 e5 2. g3 c6 3. d4 exd4 4. Qxd4 d5 5. Nf3 Nf6 6. Nc3 Be7 7. cxd5 cxd5 8.
Bg2 Nc6 9. Qa4 O-O 10. O-O Qb6 11. Bg5 Be6 12. Nb5 a6 13. Nbd4 Nxd4 14. Nxd4 Bd7
15. Qd1 Qxb2 16. Rb1 Qxa2 17. Rxb7 Rad8 18. Nf5 Bxf5 19. Rxe7 d4 20. Bxf6 gxf6
21. Qc1 Rde8 22. Rxe8 Rxe8 23. Qf4 Re5 24. g4 Bg6 25. Qxf6 Qxe2 26. Qd8+ Re8 27.
Qxd4 h6 28. h3 Qd3 29. Qf4 Kg7 30. Ra1 Re6 31. Bf1 Qc3 32. Qc1 Qf6 33. Ra3 Rb6
34. Qc3 Qxc3 35. Rxc3 Rb1 36. Ra3 Be4 37. f3 Bc6 38. Kf2 Bb5 39. Bxb5 axb5 40.
Ra6 b4 41. Rb6 1/2-1/2

[Event "20th European Teams Women"]
[Site "Reykjavik ISL"]
[Date "2015.11.16"]
[Round "4.5"]
[Board "2"]
[White "Zawadzka, Jolanta"]
[Black "Rogule, Laura"]
[Result "0-1"]
[WhiteTitle "WGM"]
[BlackTitle "WGM"]
[WhiteElo "2439"]
[BlackElo "2277"]
[WhiteTeam "Poland"]
[BlackTeam "Latvia"]
[WhiteFideId "1122320"]
[BlackFideId "11601876"]
[EventDate "2015.11.13"]

1. e4 c5 2. Nf3 Nc6 3. d4 cxd4 4. Nxd4 Nf6 5. Nc3 d6 6. Bg5 Bd7 7. Be2 Qa5 8.
Bxf6 gxf6 9. O-O Nxd4 10. Qxd4 Rc8 11. a4 a6 12. Kh1 Qc5 13. Qd1 Rg8 14. Ra3 e6
15. Rb3 Rc7 16. f4 Bc6 17. Bf3 Bh6 18. g3 Bf8 19. Qe2 Be7 20. Rd1 Kf8 21. f5 Kg7
22. Bg2 Qe5 23. Qh5 Kh8 24. Qxf7 exf5 25. Nd5 Be8 26. Qxg8+ Kxg8 27. Nxc7 Bc6
28. Nd5 fxe4 29. Nxe7+ Qxe7 30. Re3 d5 31. b3 Qe5 32. c3 a5 33. Bf1 Qe7 34. Kg2
Qa3 35. Rd4 Qxb3 36. Rexe4 Qc2+ 37. Re2 Qxc3 38. Red2 Bxa4 39. Be2 Bc6 40. Bh5
a4 41. R4d3 Qc5 42. Bd1 b5 43. h4 b4 44. Kh2 b3 45. Bxb3 axb3 46. Rxb3 Kf7 47.
Rbd3 h5 48. Rd4 Ke6 49. Rf4 f5 50. Re2+ Kf6 51. Rd2 Be8 52. Rfd4 Ke5 53. Rf4 d4
54. Rf3 Bc6 0-1

[Event "20th European Teams Women"]
[Site "Reykjavik ISL"]
[Date "2015.11.16"]
[Round "4.5"]
[Board "3"]
[White "Berzina, Ilze"]
[Black "Szczepkowska-Horowska, Karina"]
[Result "0-1"]
[WhiteTitle "WGM"]
[BlackTitle "WGM"]
[WhiteElo "2207"]
[BlackElo "2392"]
[WhiteTeam "Latvia"]
[BlackTeam "Poland"]
[WhiteFideId "11601345"]
[BlackFideId "1122681"]
[EventDate "2015.11.13"]

1. d4 Nf6 2. c4 e6 3. Nf3 Bb4+ 4. Bd2 Qe7 5. g3 Bxd2+ 6. Qxd2 Nc6 7. Nc3 d5 8.
Bg2 dxc4 9. O-O O-O 10. e4 Rd8 11. e5 Nd5 12. Ne4 b6 13. Rfe1 Bb7 14. Qc2 Ncb4
15. Qxc4 Ba6 16. Qb3 c5 17. Nd6 c4 18. Qa3 Bb7 19. Nxb7 Qxb7 20. Rec1 b5 21. Ne1
a5 22. Qf3 Qb6 23. Qe4 Rac8 24. a3 Nc6 25. Nf3 h6 26. g4 Nde7 27. Rd1 Rd7 28. a4
Rcd8 29. axb5 Qxb5 30. g5 h5 31. g6 Nxg6 32. Ng5 Nxd4 33. Re1 Qxb2 34. Rxa5 c3
35. Rc5 Qd2 36. Bf1 Qxg5+ 0-1

[Event "20th European Teams Women"]
[Site "Reykjavik ISL"]
[Date "2015.11.16"]
[Round "4.5"]
[Board "4"]
[White "Majdan-Gajewska, Joanna"]
[Black "Skinke, Katrina"]
[Result "1-0"]
[WhiteTitle "WGM"]
[BlackTitle "WIM"]
[WhiteElo "2378"]
[BlackElo "2222"]
[WhiteTeam "Poland"]
[BlackTeam "Latvia"]
[WhiteFideId "1121979"]
[BlackFideId "11602260"]
[EventDate "2015.11.13"]

1. e4 d6 2. d4 Nf6 3. Nc3 e5 4. Nge2 Be7 5. g3 c6 6. a4 O-O 7. Bg2 Qc7 8. O-O
Rd8 9. h3 Na6 10. f4 exd4 11. Nxd4 d5 12. e5 Ne4 13. Nce2 f6 14. exf6 Nxf6 15.
c3 Nc5 16. Qc2 Bf8 17. g4 Qf7 18. f5 Re8 19. Nf4 a5 20. Bd2 Nce4 21. Be1 Bc5 22.
Bh4 h6 23. Rae1 Bd7 24. Kh1 Bxd4 25. cxd4 Rac8 26. Nd3 c5 27. Ne5 Qe7 28. Bxe4
dxe4 29. Qc4+ Kh7 30. Bxf6 gxf6 31. Ng6 Qg7 32. d5 b5 33. axb5 Rb8 34. Rxe4 Bxb5
35. Qxb5 Rxb5 36. Rxe8 1-0

[Event "20th European Teams Women"]
[Site "Reykjavik ISL"]
[Date "2015.11.16"]
[Round "4.6"]
[Board "1"]
[White "Newrkla, Katharina"]
[Black "Vojinovic, Jovana"]
[Result "0-1"]
[WhiteTitle "WIM"]
[BlackTitle "WGM"]
[WhiteElo "2206"]
[BlackElo "2295"]
[WhiteTeam "Austria"]
[BlackTeam "Serbia"]
[WhiteFideId "1621629"]
[BlackFideId "937266"]
[EventDate "2015.11.13"]

1. e4 d5 2. exd5 Qxd5 3. Nc3 Qa5 4. d4 Nf6 5. Bc4 Bg4 6. f3 Bf5 7. Ne2 Nc6 8.
Be3 O-O-O 9. a3 Ne5 10. b4 Qb6 11. Bb3 Be6 12. Qc1 Nd3+ 13. cxd3 Bxb3 14. d5 Qd6
15. Nb5 Qd7 16. Ned4 Bxd5 17. Bf4 e5 18. Bxe5 Re8 19. f4 Ng4 20. Nxc7 Rxe5+ 21.
fxe5 Qxc7 22. Nb5 Qxc1+ 23. Rxc1+ Kb8 24. d4 Ne3 25. Ke2 Nxg2 26. Rhg1 Nf4+ 27.
Ke3 g5 28. Nc3 Be7 29. Nxd5 Nxd5+ 30. Ke4 Rd8 31. Rgf1 f6 32. exf6 Nxf6+ 33. Ke5
Nh5 34. Rf7 Bd6+ 35. Kf5 Bxh2 36. Rxh7 Bf4 37. Rd1 Ng3+ 38. Ke6 Rd6+ 39. Ke7
Nf5+ 40. Ke8 Nxd4 41. Rd7 Nb5 42. R7xd6 Nxd6+ 43. Kd7 Nc4 44. Rh1 a6 45. Rh8+
Ka7 46. Rh3 g4 47. Rh4 g3 48. Rxf4 g2 49. Rg4 Ne5+ 0-1

[Event "20th European Teams Women"]
[Site "Reykjavik ISL"]
[Date "2015.11.16"]
[Round "4.6"]
[Board "3"]
[White "Kopinits, Anna-Christina"]
[Black "Velikic, Adela"]
[Result "1-0"]
[WhiteTitle "WIM"]
[WhiteElo "2231"]
[BlackElo "2322"]
[WhiteTeam "Austria"]
[BlackTeam "Serbia"]
[WhiteFideId "1614142"]
[BlackFideId "913553"]
[EventDate "2015.11.13"]

1. d4 d5 2. Bf4 Nf6 3. e3 c5 4. c3 Nc6 5. Nd2 Qb6 6. Qb3 c4 7. Qc2 Nh5 8. Bg5 h6
9. Bh4 g5 10. Be2 Ng7 11. Bg3 Bf5 12. e4 Bg6 13. h4 gxh4 14. Bxh4 Ne6 15. Qc1
Qd8 16. exd5 Qxd5 17. Nxc4 Qd7 18. Nf3 Bg7 19. Qe3 Nc7 20. Nfe5 Bxe5 21. Nxe5
Nxe5 22. Qxe5 O-O-O 23. Bg3 f6 24. Qa5 Kb8 25. Bxc7+ Qxc7 26. Qxc7+ Kxc7 27.
O-O-O Be4 28. Rh2 Rdg8 29. g3 Rg5 30. Rh4 Bc6 31. c4 e6 32. Kd2 Kd6 33. Ke3 Ke7
34. Bf3 Bxf3 35. Kxf3 Ra5 36. a3 h5 37. Rdh1 b6 38. Ke3 Rc8 39. Rxh5 Rxh5 40.
Rxh5 Rxc4 41. Rh7+ Kd6 42. Rxa7 Rc2 43. b4 Rc3+ 44. Kd2 Rb3 45. Ke2 f5 46. f3
Kd5 47. Rd7+ Kc6 48. Ra7 Kd5 49. Ra6 b5 50. Kf2 Rb2+ 51. Ke3 Rb3+ 52. Kf4 Rd3
53. Rb6 Rxd4+ 1-0

[Event "20th European Teams Women"]
[Site "Reykjavik ISL"]
[Date "2015.11.16"]
[Round "4.6"]
[Board "4"]
[White "Zarkovic, Mila"]
[Black "Schnegg, Anna-Lena"]
[Result "1-0"]
[WhiteTitle "WIM"]
[BlackTitle "WFM"]
[WhiteElo "2179"]
[BlackElo "2100"]
[WhiteTeam "Serbia"]
[BlackTeam "Austria"]
[WhiteFideId "900451"]
[BlackFideId "1625268"]
[EventDate "2015.11.13"]

1. e4 e5 2. Nf3 Nc6 3. Bb5 a6 4. Ba4 Nf6 5. O-O Be7 6. Re1 b5 7. Bb3 d6 8. c3
O-O 9. d3 Na5 10. Bc2 c5 11. Nbd2 Nc6 12. Nf1 h6 13. h3 Re8 14. Ne3 Bf8 15. a4
Be6 16. Bb3 Bd7 17. axb5 axb5 18. Rxa8 Qxa8 19. Nh2 Be7 20. Qf3 Be6 21. Bd5 Qc8
22. Nhg4 Nxg4 23. Nxg4 Nd8 24. Nxh6+ Kh7 25. Nf5 g6 26. Nxe7 Rxe7 27. Bg5 Ra7
28. Qg3 Bxd5 29. Qh4+ 1-0

[Event "20th European Teams Women"]
[Site "Reykjavik ISL"]
[Date "2015.11.16"]
[Round "4.7"]
[Board "1"]
[White "Peng, Zhaoqin"]
[Black "Atalik, Ekaterina"]
[Result "1/2-1/2"]
[WhiteTitle "GM"]
[BlackTitle "IM"]
[WhiteElo "2383"]
[BlackElo "2385"]
[WhiteTeam "Netherlands"]
[BlackTeam "Turkey"]
[WhiteFideId "1004786"]
[BlackFideId "4130189"]
[EventDate "2015.11.13"]

1. c4 e5 2. Nc3 Nf6 3. Nf3 Nc6 4. e4 Bb4 5. d3 d6 6. g3 Bg4 7. h3 Be6 8. Bg2 h6
9. O-O Bc5 10. Kh2 g5 11. Nd5 Bxd5 12. exd5 Nd4 13. b4 Nxf3+ 14. Qxf3 Bd4 15.
Rb1 Rg8 16. Be3 Bxe3 17. Qxe3 Kf8 18. d4 exd4 19. Qxd4 Nd7 20. f4 Rg7 21. c5
gxf4 22. Qxf4 Qg5 23. cxd6 Qxf4 24. Rxf4 cxd6 25. Rc1 Ne5 26. Rc7 f5 27. Rxf5+
Kg8 28. Rc3 Re8 29. Rf6 Rg6 30. Rf4 Rg7 31. g4 Rd7 32. Kg3 Kg7 33. Rf2 Ree7 34.
Rfc2 Nf7 35. h4 Re1 36. Rc7 Rde7 37. Rxe7 Rxe7 38. Rc3 Ne5 39. Bf1 Rf7 40. Be2
Re7 41. Ra3 a6 42. Rc3 Kf6 43. Bd1 Rg7 44. a4 b5 45. a5 Nc4 46. Kf4 Re7 47. Bb3
Nd2 48. Bc2 Re5 49. Rc6 Rxd5 50. g5+ hxg5+ 51. hxg5+ Ke6 52. Rxa6 Nc4 53. Ra7
Rd4+ 54. Kg3 Ne5 55. g6 Rg4+ 56. Kf2 Nxg6 57. Bxg6 Rxg6 58. Rb7 Rg5 59. a6 Rh5
60. Kg3 Rd5 61. a7 Rd3+ 62. Kf4 Ra3 63. Ke4 Ra4 64. Kd3 Kd5 65. Rxb5+ Kc6 66.
Ra5 Rxa5 67. bxa5 Kb7 68. Kd4 Kxa7 1/2-1/2

[Event "20th European Teams Women"]
[Site "Reykjavik ISL"]
[Date "2015.11.16"]
[Round "4.7"]
[Board "4"]
[White "Topel, Zehra"]
[Black "Kazarian, Anna-Maja"]
[Result "0-1"]
[WhiteTitle "WIM"]
[BlackTitle "WFM"]
[WhiteElo "2106"]
[BlackElo "2255"]
[WhiteTeam "Turkey"]
[BlackTeam "Netherlands"]
[WhiteFideId "6302661"]
[BlackFideId "1033689"]
[EventDate "2015.11.13"]

1. d4 d5 2. Nf3 Nf6 3. c4 c6 4. e3 e6 5. Bd3 Nbd7 6. O-O Bd6 7. Nbd2 b6 8. e4
dxe4 9. Nxe4 Nxe4 10. Bxe4 Bb7 11. b3 Nf6 12. Bc2 c5 13. Bb2 O-O 14. dxc5 Bxc5
15. Qe2 Qe7 16. Qd3 Ne4 17. Qe2 f5 18. Bxe4 fxe4 19. Ne5 Rf5 20. Rad1 Rd8 21.
Rxd8+ Qxd8 22. b4 Bxb4 23. Rd1 Qg5 24. Rd7 Bc5 25. h4 Rxf2 26. hxg5 Rxe2+ 27.
Kf1 Rxb2 28. Rd8+ Bf8 29. Nd7 Kf7 30. Ne5+ Ke7 31. Rd7+ Ke8 32. Rxb7 Bb4 33.
Rxg7 e3 34. Rg8+ Ke7 35. Nc6+ Kf7 36. Nxb4 Kxg8 37. a3 Rf2+ 38. Kg1 Kg7 39. Nd3
Rd2 40. Nf4 e5 41. Nd5 Rd1+ 0-1